| 000 | 01302cad a22002295a 4500 | ||
|---|---|---|---|
| 001 | L146164 | ||
| 008 | 081215s2008 xxkad f s 000 0 eng d | ||
| 035 | _a(Sirsi) u146164 | ||
| 041 | 0 | _aeng | |
| 050 | 0 | 4 | _a333.33 $2 18 |
| 110 | 2 |
_aCB Richard Ellis _93675 |
|
| 245 | 0 | 0 |
_aGlobal market view _boffice occupancy costs _h[electronic resource] |
| 260 |
_a[S.l.] _bCBRE _c2008 |
||
| 490 | 0 |
_aCB Richard Ellis Global Market View _bOffice Occupancy Costs _v2008 |
|
| 520 | _aReports that just over 80% of office markets are showing flat or rising occupancy costs. Finds that the Europe, Middle East and Africa region has the world's most expensive office markets. London's West End tops the list with an occupancy cost of $248.66 per square feet, follwed by Moscow at $234.73 per square feet. Reports the average rate of growth for occupancy costs was 8%, nearly double 2007 world inflation rate. Concludes that the fastest growing markets (Abu Dhabi, United Arab Emirates, Dubai) are in the Middle East. | ||
| 590 | _aKA | ||
| 650 | 2 | 4 | _aCB RICHARD ELLIS GLOBAL MARKET VIEW OFFICE OCCUPANCY COSTS |
| 651 | 4 | _aInternational | |
| 690 | _aPROPERTY-COMMERCIAL PROPERTY-COMMERCIAL PROPERTY MARKET | ||
| 856 | 4 | 0 |
_uhttps://www.cbre.co.uk/ _zView the item free of charge at www.cbre.co.uk... |
| 942 | _n0 | ||
| 999 |
_c109063 _d109063 |
||